000 00582nam a22002057a 4500
003 SISC
005 20160302142451.0
008 130903t xxu||||| |||| 00| 0 eng d
020 _a0590438786
050 _aPZ 7
_b.L334 1991
082 _aHS 363.2
_b L32 1991
245 _aLost...and never found II
_c Anita Larsen.
260 _aNew York :
_bScholastic Inc,
_c c1991.
300 _a106 p. :
_bill. ;
_c16 cm
650 _aMissing persons
_916345
650 _aCriminal investigation.
_910349
650 _aMysterious stories
_916346
942 _2lcc
_cBK
999 _c10272
_d10272